Apuntes para una intervención psicosocial con incidencia /

Como resultado del modelo de desarrollo que ha guiado la construcción de país en los últimos 20 años, el campo de la intervención psicosocial en Chile se ha transformado en un quehacer de acción inespecífico difícil de identificar con el sentido transformador que le fuere constitutivo. Se analiza es...

Full description

Bibliographic Details
Main Author: Berroeta Torres, Héctor
Format: Analitica de revista
Published: Santiago, Chile Universidad Academia de Humanismo Cristiano. Escuela de Educación 2011
Online Access:Disponible en línea (PDF). Biblioteca Digital UAHC

MARC

LEADER 00000cab a2200000 a 4500
001 027309
003 UAHC_CL
005 20210909175941.0
008 120302b2011 cl 000 esp
952 |0 0  |1 0  |4 0  |6 CASTALIA_19_11_000000000000000  |7 0  |8 General  |9 54575  |a BC  |b BC  |c General  |d 2017-08-03  |l 0  |o CASTALIA-19/11  |p FICTICIO1627  |r 2019-01-08 00:00:00  |t 1  |w 2017-08-03  |y REVA 
999 |c 27309  |d 27309 
040 |a UAHC_CL  |c UAHC_CL  |d UAHC_CL 
100 1 |a Berroeta Torres, Héctor 
245 1 0 |a Apuntes para una intervención psicosocial con incidencia /  |c Héctor Berroeta Torres. 
260 |b Universidad Academia de Humanismo Cristiano. Escuela de Educación  |c 2011  |a Santiago, Chile 
300 |a p. 37-50 
500 |a En: Castalia, Revista de psicología de la Academia, nº19, 2011. p. 37-50. ISSN: 07174985. 
520 |a Como resultado del modelo de desarrollo que ha guiado la construcción de país en los últimos 20 años, el campo de la intervención psicosocial en Chile se ha transformado en un quehacer de acción inespecífico difícil de identificar con el sentido transformador que le fuere constitutivo. Se analiza este campo desde el contexto actual, definiendo sus características internas como parte de un ámbito disciplinar, y se establecen elementos para su vinculación a la construcción de un proyectos de cambio social que como requisito considere las condiciones en que se desarrolla actualmente la práctica interventiva. 
773 0 |t Castalia : Revista de psicología de la Academia.  |w 027192 
856 |u http://bibliotecadigital.academia.cl/xmlui/handle/123456789/2868  |y Disponible en línea (PDF). Biblioteca Digital UAHC 
900 |a CASTALIA-19/11 
942 |c REVA  |2 ddc